[Event "21st Abu Dhabi Masters 2014"]
[Site "Abu Dhabi UAE"]
[Date "2014.08.25"]
[Round "6.14"]
[White "Dimakiling, Oliver"]
[Black "Sumets, Andrey"]
[Result "1/2-1/2"]
[WhiteTitle "IM"]
[BlackTitle "GM"]
[WhiteElo "2371"]
[BlackElo "2622"]
[WhiteFideId "5202248"]
[BlackFideId "14105500"]
[EventDate "2014.08.20"]

1. Nf3 d5 2. d4 Nf6 3. e3 e6 4. Bd3 c5 5. b3 Nc6 6. O-O Bd6 7. Bb2 Qc7 8. c4
cxd4 9. exd4 O-O 10. Nc3 a6 11. c5 Bf4 12. Re1 Bd7 13. g3 Bh6 14. Bc1 Bxc1 15.
Rxc1 Rfe8 16. Qd2 Rad8 17. Bf1 Bc8 18. Bg2 h6 19. Re2 e5 20. Nxe5 Nxe5 21. dxe5
Rxe5 22. Rxe5 Qxe5 23. Re1 Qh5 24. Qd4 Bg4 25. Re5 Qg6 26. h3 Be6 27. Re2 Qg5
28. Rd2 Rd7 29. h4 Qg6 30. Qf4 Re7 31. Bf3 Rd7 32. b4 h5 33. a4 Kh7 34. b5 axb5
35. axb5 Qh6 36. Qg5 Rc7 37. Na4 Qxg5 38. hxg5 Ne4 39. Bxe4+ dxe4 40. Rb2 Rd7
41. c6 Rd1+ 42. Kh2 bxc6 43. b6 e3 44. Nc3 exf2 45. Rxf2 Rd8 46. b7 Rb8 47. Rb2
c5 48. Kg1 c4 49. Kf2 Kg6 50. Rb5 Bd7 51. Rb6+ Kxg5 52. Ne4+ Kg4 53. Nc5 Bc8 54.
Rb4 Kf5 55. Rxc4 Rxb7 56. Nxb7 Bxb7 57. Rf4+ Kg6 58. Ke3 f6 59. Rb4 Bc8 60. Rb8
Bg4 61. Kf4 Kh7 62. Ke4 g5 63. Rb6 Kg6 64. Rd6 Bf5+ 65. Ke3 Bh3 66. Rd5 Bg2 67.
Rb5 Kf7 68. Rb6 Bd5 69. Kd4 Bg2 70. Ke3 Kg6 71. Rb5 h4 72. gxh4 gxh4 73. Kf4 h3
74. Kg3 f5 75. Rb4 Kg5 76. Ra4 Kf6 1/2-1/2

[Event "21st Abu Dhabi Masters 2014"]
[Site "Abu Dhabi UAE"]
[Date "2014.08.25"]
[Round "6.15"]
[White "Salem, A.R. Saleh"]
[Black "Berescu, Alin-Mile"]
[Result "1-0"]
[WhiteTitle "GM"]
[BlackTitle "GM"]
[WhiteElo "2591"]
[BlackElo "2458"]
[WhiteFideId "9301348"]
[BlackFideId "1204920"]
[EventDate "2014.08.20"]

1. d4 Nf6 2. c4 e6 3. Nf3 d5 4. Nc3 Bb4 5. Bg5 h6 6. Bxf6 Qxf6 7. e3 O-O 8. Rc1
dxc4 9. Bxc4 c5 10. dxc5 Nd7 11. Qc2 Nxc5 12. a3 Bxc3+ 13. Qxc3 Qxc3+ 14. Rxc3
Bd7 15. Ne5 Rfc8 16. Nxd7 Nxd7 17. Ke2 Nb6 18. Rhc1 Kf8 19. f4 Ke7 20. h4 Nxc4
21. Rxc4 Rxc4 22. Rxc4 Kd7 23. Rd4+ Kc7 24. h5 Re8 25. Rc4+ Kd7 26. Rb4 Kc7 27.
g4 f6 28. Kf3 e5 29. g5 exf4 30. gxh6 gxh6 31. exf4 f5 32. Rb5 Rf8 33. Ke3 b6
34. Rd5 Kc6 35. Kd4 Rf7 36. b4 b5 37. Rc5+ Kb6 38. Re5 1-0

[Event "21st Abu Dhabi Masters 2014"]
[Site "Abu Dhabi UAE"]
[Date "2014.08.25"]
[Round "6.16"]
[White "Lalith, Babu M.R."]
[Black "Pourkashiyan, Atousa"]
[Result "1-0"]
[WhiteTitle "GM"]
[BlackTitle "WGM"]
[WhiteElo "2565"]
[BlackElo "2352"]
[WhiteFideId "5024595"]
[BlackFideId "12502014"]
[EventDate "2014.08.20"]

1. d4 Nf6 2. c4 e6 3. Nf3 d5 4. Nc3 Be7 5. g3 O-O 6. Bg2 dxc4 7. O-O c5 8. dxc5
Bxc5 9. Qa4 Nc6 10. Qxc4 Be7 11. Bf4 Na5 12. Qc7 Qxc7 13. Bxc7 b6 14. Ne5 Bb7
15. Rac1 Bxg2 16. Kxg2 Rfc8 17. Nb5 a6 18. Bxb6 Rxc1 19. Rxc1 axb5 20. Bxa5 g6
21. Nc6 Bf8 22. a3 h5 23. Bc3 Ne4 24. Bb4 Bxb4 25. Nxb4 Nd6 26. Rc6 Nc4 27. Nd3
Kf8 28. Rc5 Nd6 29. Kf3 Rb8 30. e4 Rb7 31. e5 Nf5 32. Rc8+ Ke7 33. Nc5 Ra7 34.
Ke4 b4 35. a4 b3 36. Kd3 f6 37. f4 Kf7 38. Rc6 fxe5 39. fxe5 Ra5 40. Kc4 Ne3+
41. Kxb3 Ng4 42. Rc7+ Ke8 43. Kc3 Nxe5 44. b4 Ra8 45. b5 Rb8 46. Kb4 Ng4 47. Rh7 1-0

[Event "21st Abu Dhabi Masters 2014"]
[Site "Abu Dhabi UAE"]
[Date "2014.08.25"]
[Round "6.17"]
[White "Vaibhav, Suri"]
[Black "Meszaros, Tamas"]
[Result "1-0"]
[WhiteTitle "GM"]
[BlackTitle "IM"]
[WhiteElo "2521"]
[BlackElo "2422"]
[WhiteFideId "5045185"]
[BlackFideId "717410"]
[EventDate "2014.08.20"]

1. e4 c5 2. Nf3 d6 3. d4 cxd4 4. Nxd4 Nf6 5. Nc3 a6 6. Be2 e6 7. a4 Be7 8. a5
Nc6 9. Nb3 b5 10. axb6 Qxb6 11. O-O O-O 12. Be3 Qc7 13. f4 Rd8 14. Qe1 Rb8 15.
Bf3 Nb4 16. Qf2 d5 17. e5 Nd7 18. Nd4 Nb6 19. Be2 Nc4 20. Bxc4 Qxc4 21. Rfd1 Bd7
22. Nb3 Rdc8 23. Kh1 Nxc2 24. Na5 Qc7 25. Qxc2 Bb4 26. Nb3 a5 27. Nc1 a4 28. Nd3
Ba5 29. Nc5 Be8 30. Na6 Qc4 31. Nxb8 Rxb8 32. Rd4 Qc7 33. Raxa4 Bxa4 34. Rxa4
Bxc3 35. bxc3 1-0

[Event "21st Abu Dhabi Masters 2014"]
[Site "Abu Dhabi UAE"]
[Date "2014.08.25"]
[Round "6.18"]
[White "Ankit, R. Rajpara"]
[Black "Estremera Panos, Sergio"]
[Result "1/2-1/2"]
[WhiteTitle "GM"]
[BlackTitle "IM"]
[WhiteElo "2509"]
[BlackElo "2346"]
[WhiteFideId "5023335"]
[BlackFideId "2200864"]
[EventDate "2014.08.20"]

1. e4 e5 2. Nf3 Nc6 3. Bb5 a6 4. Ba4 Nf6 5. d3 d6 6. c3 Be7 7. Nbd2 O-O 8. O-O
Bd7 9. Re1 h6 10. Nf1 Nh7 11. Ne3 Ng5 12. Nd2 Ne6 13. Ndf1 Bg5 14. g3 Ne7 15.
Bc2 c5 16. h4 Bxe3 17. Nxe3 Bc6 18. Qh5 Kh7 19. Bb3 Ng8 20. f4 exf4 21. gxf4
Nxf4 22. Qf5+ Ng6 23. h5 Bd7 24. hxg6+ fxg6 25. Bxg8+ Kxg8 26. Qd5+ Kh7 27. Ng2
Bh3 28. Be3 Qd7 29. e5 Bxg2 30. Qxg2 dxe5 31. Bxc5 Rf4 32. Re3 Rc8 33. d4 Rc6
34. Rae1 b6 35. Ba3 Rg4 36. Rg3 Rxg3 37. Qxg3 exd4 38. Re7 Qf5 39. Re5 Qc2 40.
cxd4 Qd1+ 41. Re1 Qxd4+ 42. Qf2 Qg4+ 43. Qg2 Qd4+ 44. Qf2 Qg4+ 45. Qg2 Qd4+ 46.
Qf2 1/2-1/2

[Event "21st Abu Dhabi Masters 2014"]
[Site "Abu Dhabi UAE"]
[Date "2014.08.25"]
[Round "6.19"]
[White "Hejazipour, Mitra"]
[Black "Ghosh, Diptayan"]
[Result "1/2-1/2"]
[WhiteTitle "WIM"]
[BlackTitle "IM"]
[WhiteElo "2269"]
[BlackElo "2473"]
[WhiteFideId "12505951"]
[BlackFideId "5045207"]
[EventDate "2014.08.20"]

1. d4 Nf6 2. c4 g6 3. Nc3 d5 4. Nf3 Bg7 5. Bf4 O-O 6. Rc1 Be6 7. Qb3 c5 8. Qxb7
Qb6 9. Qxb6 axb6 10. e3 dxc4 11. dxc5 bxc5 12. Ng5 Bd5 13. Rd1 Bc6 14. Bxc4 Nbd7
15. Nd5 Nxd5 16. Bxd5 Bxd5 17. Rxd5 Nb6 18. Rxc5 Rxa2 19. O-O Rxb2 20. Nf3 Ra8
21. g4 Bf8 22. Bg3 e6 23. Rc6 Nd5 24. Rfc1 Rba2 25. Rc8 1/2-1/2

[Event "21st Abu Dhabi Masters 2014"]
[Site "Abu Dhabi UAE"]
[Date "2014.08.25"]
[Round "6.20"]
[White "Kryvoruchko, Vita"]
[Black "Shyam, Sundar M."]
[Result "0-1"]
[WhiteTitle "WGM"]
[BlackTitle "GM"]
[WhiteElo "2185"]
[BlackElo "2468"]
[WhiteFideId "14108917"]
[BlackFideId "5019141"]
[EventDate "2014.08.20"]

1. e4 c5 2. Nf3 d6 3. d4 cxd4 4. Nxd4 Nf6 5. Nc3 a6 6. f3 e5 7. Nb3 Be6 8. Be3
h5 9. Qd2 Nbd7 10. Bd3 Rc8 11. O-O Be7 12. a4 Nc5 13. Nc1 d5 14. exd5 Nxd5 15.
Nxd5 Qxd5 16. Be2 Qxd2 17. Bxd2 O-O 18. Be3 Bf5 19. c3 Rfd8 20. f4 exf4 21. Rxf4
Bg5 22. Rf3 Bxe3+ 23. Rxe3 h4 24. Bf3 a5 25. Ne2 Nb3 26. Re1 b6 27. c4 Nd2 28.
b3 Nxf3+ 29. Rxf3 Bg4 30. Re3 Rd2 31. Nf4 Rc6 32. Rd3 Rxd3 33. Nxd3 Rd6 34. Nf4
Kh7 35. h3 Bd1 36. Re3 f5 37. Nd5 Bc2 38. Kf2 Be4 39. Nc3 Bc6 40. Nd5 Bxd5 41.
Rd3 Kg6 42. Rxd5 Rxd5 43. cxd5 Kf6 44. Ke3 Ke5 45. d6 Kxd6 46. Kf4 Kc5 47. Kg5
Kb4 48. Kxh4 Kxb3 49. Kg5 Kxa4 50. h4 b5 51. h5 b4 52. Kg6 b3 53. Kxg7 b2 54. h6
b1=Q 55. h7 Qb2+ 0-1

[Event "21st Abu Dhabi Masters 2014"]
[Site "Abu Dhabi UAE"]
[Date "2014.08.25"]
[Round "6.21"]
[White "Tissir, Mohamed"]
[Black "Amin, Bassem"]
[Result "0-1"]
[WhiteTitle "IM"]
[BlackTitle "GM"]
[WhiteElo "2366"]
[BlackElo "2627"]
[WhiteFideId "9000240"]
[BlackFideId "10601457"]
[EventDate "2014.08.20"]

1. e4 e5 2. Nf3 Nc6 3. d4 exd4 4. Nxd4 Nf6 5. Nxc6 bxc6 6. Qe2 a5 7. e5 Nd5 8.
c4 Nb6 9. Nd2 a4 10. Qe4 g6 11. Bd3 Bg7 12. O-O O-O 13. Nf3 d5 14. cxd5 Bf5 15.
Qe2 Bxd3 16. Qxd3 Qxd5 17. Rd1 Rfd8 18. Qxd5 cxd5 19. Bg5 Rdc8 20. Be3 c5 21.
Rac1 d4 22. Bd2 Rab8 23. Rc2 d3 24. Rc3 c4 25. Rdc1 Bf8 26. a3 Bc5 27. h4 Rc6
28. g3 Re8 29. Kg2 f6 30. Bf4 Rce6 31. Rxc4 Nxc4 32. Rxc4 fxe5 33. Bd2 Bf8 34.
Rxa4 e4 35. Ng5 R6e7 36. Ra6 Rc7 37. Ra4 Rce7 38. Rc4 h6 39. Nh3 Rb7 40. b4 Ra7
41. Nf4 Rxa3 42. Rc6 Ra2 0-1

[Event "21st Abu Dhabi Masters 2014"]
[Site "Abu Dhabi UAE"]
[Date "2014.08.25"]
[Round "6.22"]
[White "Raetsky, Alexander"]
[Black "Mohammad, Samir"]
[Result "1/2-1/2"]
[WhiteTitle "GM"]
[BlackTitle "FM"]
[WhiteElo "2426"]
[BlackElo "2369"]
[WhiteFideId "4103203"]
[BlackFideId "7600372"]
[EventDate "2014.08.20"]

1. d4 Nf6 2. Nc3 d5 3. Bg5 Nbd7 4. Qd3 e6 5. e4 dxe4 6. Nxe4 Be7 7. Nxf6+ Bxf6
8. Bxf6 Qxf6 9. Nf3 O-O 10. Qe3 c5 11. O-O-O cxd4 12. Rxd4 Nb6 13. c4 Rd8 14.
Rxd8+ Qxd8 15. Bd3 Qc7 16. Kb1 Bd7 17. Qe4 g6 18. Ne5 Rd8 19. h4 Be8 20. h5 Nd7
21. Ng4 Qd6 22. hxg6 hxg6 23. Qe3 f5 24. Qh3 Qd4 25. Qh4 fxg4 26. Qxd8 Qxd3+ 27.
Ka1 Kf7 28. a3 Ne5 29. Qc7+ Kf6 30. Re1 Qd4 31. Qxb7 Nxc4 32. Re4 Qd1+ 33. Ka2
Nd2 34. Rf4+ Kg5 35. Qe7+ Kxf4 36. Qf6+ Ke4 37. Qxe6+ Kd3 38. Qe3+ Kc4 39. Qe6+
Kc5 40. Qe5+ Kc4 41. Qe6+ Kd4 42. Qd6+ Kc4 43. Qe6+ Kc5 44. Qe5+ Kb6 45. Qb8+
Kc5 46. Qe5+ 1/2-1/2

[Event "21st Abu Dhabi Masters 2014"]
[Site "Abu Dhabi UAE"]
[Date "2014.08.25"]
[Round "6.23"]
[White "Gagare, Shardul"]
[Black "Ram, Aravind L N"]
[Result "1-0"]
[WhiteTitle "IM"]
[BlackTitle "FM"]
[WhiteElo "2421"]
[BlackElo "2119"]
[WhiteFideId "5037883"]
[BlackFideId "25033760"]
[EventDate "2014.08.20"]

1. d4 Nf6 2. Nf3 g6 3. g3 Bg7 4. c4 O-O 5. Bg2 d5 6. cxd5 Nxd5 7. O-O Nb6 8. Nc3
Nc6 9. d5 Ne5 10. Nxe5 Bxe5 11. Bh6 Re8 12. Rc1 Bd7 13. Qd3 Bf5 14. e4 Bd7 15.
f4 Bg7 16. Bxg7 Kxg7 17. Qd4+ Kg8 18. a4 c6 19. a5 Nc8 20. b4 cxd5 21. Nxd5 Nd6
22. Rfd1 Bc6 23. e5 Nf5 24. Qf2 Qb8 25. b5 Bxb5 26. Nc7 Bc6 27. Bxc6 bxc6 28.
Nxa8 Qxa8 29. Rd7 c5 30. Qg2 Qb8 31. Qb7 Qxb7 32. Rxb7 Rd8 33. Rxc5 Rd2 34. Rc3
Nd4 35. Kf1 Kg7 36. Rxe7 h5 37. Ke1 Rxh2 38. Rcc7 Nc2+ 39. Kd1 Ne3+ 40. Kc1 Nd5
41. Rxf7+ Kg8 42. Rxa7 1-0

[Event "21st Abu Dhabi Masters 2014"]
[Site "Abu Dhabi UAE"]
[Date "2014.08.25"]
[Round "6.24"]
[White "Derakhshani, Dorsa"]
[Black "Ramnath Bhuvanesh, R"]
[Result "0-1"]
[WhiteTitle "WFM"]
[BlackTitle "IM"]
[WhiteElo "2169"]
[BlackElo "2420"]
[WhiteFideId "12500330"]
[BlackFideId "5026598"]
[EventDate "2014.08.20"]

1. e4 e5 2. Nf3 Nc6 3. d4 exd4 4. Nxd4 Bc5 5. Nb3 Bb6 6. Nc3 Nf6 7. Qe2 O-O 8.
Bg5 h6 9. Bh4 Nd4 10. Qd3 Nxb3 11. axb3 Qe7 12. O-O-O Qe5 13. Kb1 d6 14. f3 Be6
15. g4 Nd7 16. Bg3 Qf6 17. h4 Ne5 18. Bxe5 Qxe5 19. Ne2 Qc5 20. g5 Qe3 21. gxh6
Qxd3 22. Rxd3 gxh6 23. Nf4 Rae8 24. Bh3 Bxh3 25. Rxh3 f5 26. Rg3+ Kh7 27. exf5
Re1+ 28. Ka2 Rxf5 29. Nd5 Bf2 30. Rg4 c6 31. Nc3 d5 32. Ne4 Bb6 33. c4 dxe4 34.
Rd7+ Kh8 35. b4 exf3 36. Rgg7 Rg1 0-1

[Event "21st Abu Dhabi Masters 2014"]
[Site "Abu Dhabi UAE"]
[Date "2014.08.25"]
[Round "6.25"]
[White "Ahmed, Fareed"]
[Black "Rajesh, V A V"]
[Result "0-1"]
[BlackTitle "IM"]
[WhiteElo "1899"]
[BlackElo "2404"]
[WhiteFideId "9303677"]
[BlackFideId "5029317"]
[EventDate "2014.08.20"]

1. e4 e5 2. Nf3 Nc6 3. Bb5 a6 4. Ba4 Nf6 5. O-O Be7 6. Re1 b5 7. Bb3 d6 8. c3
O-O 9. d4 exd4 10. cxd4 Bg4 11. Nc3 Na5 12. Bc2 c5 13. e5 dxe5 14. dxe5 Qxd1 15.
Rxd1 Nd7 16. Bf4 Nb6 17. b3 Nc6 18. Be4 Rac8 19. a4 bxa4 20. Nxa4 Nxa4 21. Rxa4
Nb4 22. Rb1 Bd7 23. Ra5 Bb5 24. Nd2 Rcd8 25. Be3 Nd5 26. Bxd5 Rxd5 27. Nc4 Rb8
28. Rc1 f6 29. exf6 Bxf6 30. f3 Rd3 31. Bxc5 Rc8 32. b4 Bd4+ 33. Kf1 Bxc5 34.
bxc5 Rxc5 35. Ke2 Rd4 0-1

[Event "21st Abu Dhabi Masters 2014"]
[Site "Abu Dhabi UAE"]
[Date "2014.08.25"]
[Round "6.26"]
[White "Karavade, Eesha"]
[Black "Zayan, Osama"]
[Result "1-0"]
[WhiteTitle "IM"]
[WhiteElo "2392"]
[BlackElo "2208"]
[WhiteFideId "5012600"]
[BlackFideId "10601180"]
[EventDate "2014.08.20"]

1. Nf3 Nf6 2. c4 g6 3. Nc3 c5 4. g3 Bg7 5. Bg2 Nc6 6. d4 cxd4 7. Nxd4 O-O 8. O-O
Nxd4 9. Qxd4 d6 10. Qd3 Ng4 11. b3 a6 12. Bb2 Rb8 13. h3 Bf5 14. Qd2 Bh6 15. Qd1
Ne5 16. Nd5 b5 17. f4 Nc6 18. cxb5 Rxb5 19. Rc1 Nb4 20. Nc3 Bg7 21. Qd2 Rc5 22.
a3 Nc6 23. b4 Rc4 24. Nd5 Rxc1 25. Rxc1 Nb8 26. Bxg7 Kxg7 27. Qd4+ Kg8 28. Rc7
Bd7 29. Qa7 Kg7 30. Nb6 Be6 31. Rxe7 Bxh3 32. Bd5 Nd7 33. Rxd7 Bxd7 34. Nxd7 Re8
35. e4 Qe7 36. Qd4+ f6 37. Nb6 Qa7 38. Qe3 Rc8 39. a4 Rc2 40. Bb3 Rb2 41. a5 Qb7
42. Nd5 Qb5 43. Qd4 Rb1+ 44. Bd1 Kh6 45. Kf2 Qe8 46. Nxf6 1-0

[Event "21st Abu Dhabi Masters 2014"]
[Site "Abu Dhabi UAE"]
[Date "2014.08.25"]
[Round "6.27"]
[White "Lorparizangeneh, Shahin"]
[Black "Hesham, Abdelrahman"]
[Result "1/2-1/2"]
[WhiteTitle "FM"]
[BlackTitle "IM"]
[WhiteElo "2277"]
[BlackElo "2387"]
[WhiteFideId "12521604"]
[BlackFideId "10600183"]
[EventDate "2014.08.20"]

1. d4 Nf6 2. c4 g6 3. Nc3 Bg7 4. e4 d6 5. Nf3 O-O 6. Be2 e5 7. O-O Nc6 8. Be3
Ng4 9. Bg5 f6 10. Bh4 g5 11. Bg3 Nh6 12. dxe5 dxe5 13. Qc2 Be6 14. Rad1 Qc8 15.
Nd5 Rf7 16. h3 g4 17. hxg4 Bxg4 18. c5 Bxf3 19. Bxf3 Nd4 20. Rxd4 exd4 21. Bh5
Rd7 22. c6 bxc6 23. Qxc6 Kh8 24. Be2 Rb8 25. Rc1 Rf7 26. b3 Ng4 27. Bxc7 Ne5 28.
Qc5 d3 29. Bh5 Bf8 30. Qe3 Ba3 31. Rc3 Rxc7 32. Rxc7 Qf8 33. f4 Rc8 34. Rxc8
Qxc8 35. Kh2 Bc5 36. Qh3 Qxh3+ 37. Kxh3 Nd7 38. Bd1 Bd4 39. Kg4 Kg7 40. b4 Nb6
41. Nc7 Bc3 42. Ne6+ Kg6 43. Nc5 Nc4 44. Kf3 Nb2 45. Bb3 Bxb4 46. Na4 1/2-1/2

[Event "21st Abu Dhabi Masters 2014"]
[Site "Abu Dhabi UAE"]
[Date "2014.08.25"]
[Round "6.28"]
[White "Sameir, Ramez"]
[Black "Rasulov, Vugar"]
[Result "0-1"]
[BlackTitle "GM"]
[WhiteElo "2113"]
[BlackElo "2509"]
[WhiteFideId "10606017"]
[BlackFideId "13402390"]
[EventDate "2014.08.20"]

1. e4 e5 2. Nf3 Nc6 3. Nc3 Nf6 4. d4 exd4 5. Nxd4 Bb4 6. Nxc6 bxc6 7. Bd3 d5 8.
exd5 cxd5 9. O-O O-O 10. Bg5 c6 11. Na4 Rb8 12. c4 h6 13. Bh4 Be6 14. Rc1 Bd6
15. b3 Rb4 16. a3 Rb8 17. b4 Bf4 18. Rc2 a5 19. Nc5 axb4 20. axb4 Bc8 21. cxd5
g5 22. Bg3 Nxd5 23. Qh5 Kg7 24. Rd1 Rxb4 25. Ne4 Nf6 26. Nxf6 Qxf6 27. Qf3 Rd8
28. Bxf4 Rxf4 29. Qxc6 Qxc6 30. Rxc6 Rfd4 31. h4 Bf5 32. Bxf5 Rxd1+ 33. Kh2 gxh4
34. Kh3 R8d4 35. Kh2 Rf4 36. Bc2 Rd2 37. f3 Rxf3 38. Be4 Re3 0-1

[Event "21st Abu Dhabi Masters 2014"]
[Site "Abu Dhabi UAE"]
[Date "2014.08.25"]
[Round "6.29"]
[White "De Ramos, Julius"]
[Black "Siva, Mahadevan"]
[Result "1-0"]
[WhiteTitle "FM"]
[WhiteElo "2342"]
[BlackElo "2173"]
[WhiteFideId "5200628"]
[BlackFideId "25043153"]
[EventDate "2014.08.20"]

1. c4 e5 2. Nc3 Nf6 3. Nf3 Nc6 4. g3 d5 5. cxd5 Nxd5 6. Bg2 Nb6 7. O-O Be7 8. a3
O-O 9. b4 Be6 10. Rb1 f6 11. d3 Nd4 12. Nxd4 exd4 13. Ne4 Bd5 14. Bb2 f5 15. Nd2
Bxg2 16. Kxg2 Qd5+ 17. Kg1 Bf6 18. Rc1 c6 19. Rc5 Qd7 20. Nf3 Rfe8 21. Re1 Rad8
22. b5 cxb5 23. Qb3+ Kh8 24. Rxb5 Re7 25. a4 Rde8 26. a5 Na8 27. Ba3 Rf7 28.
Rxf5 Qxf5 29. Qxf7 Rd8 30. Qxb7 Qxa5 31. Bb4 Qb6 32. Qxb6 axb6 33. Rc1 h6 34.
Rc6 Kh7 35. Nd2 Rd7 36. Ne4 Be7 37. Bxe7 Rxe7 38. Rd6 1-0

[Event "21st Abu Dhabi Masters 2014"]
[Site "Abu Dhabi UAE"]
[Date "2014.08.25"]
[Round "6.30"]
[White "Laabi Chian, Majid"]
[Black "Al-Zendani, Zendan"]
[Result "1/2-1/2"]
[BlackTitle "IM"]
[WhiteElo "2070"]
[BlackElo "2338"]
[WhiteFideId "12500224"]
[BlackFideId "9400249"]
[EventDate "2014.08.20"]

1. d4 Nf6 2. Bf4 e6 3. e3 d5 4. Nd2 c5 5. c3 Nc6 6. Bd3 Bd6 7. Bxd6 Qxd6 8. f4
O-O 9. Ngf3 cxd4 10. cxd4 Nb4 11. Bb1 Ng4 12. Qb3 f5 13. a3 Nc6 14. h3 Nf6 15.
O-O Ne4 16. Bd3 b6 17. Rac1 Bb7 18. Rc2 h6 19. Rfc1 Rac8 20. Bxe4 fxe4 21. Ne5
Nxe5 22. dxe5 Qe7 23. Rxc8 Bxc8 24. Qb4 Qf7 25. Qd6 g5 26. f5 exf5 27. Rc6 f4
28. exf4 gxf4 29. Qxh6 Bf5 30. Qxf4 Qg7 31. g4 Be6 32. Qg3 Qf7 33. Rc1 Qe7 34.
Rf1 Qc5+ 35. Kg2 Rxf1 36. Kxf1 d4 37. Nxe4 Qc1+ 38. Qe1 Bc4+ 39. Kf2 Qf4+ 40.
Kg1 Qxe5 41. g5 Kg7 42. Qh4 Qe6 43. Qh6+ Qxh6 44. gxh6+ Kxh6 1/2-1/2

[Event "21st Abu Dhabi Masters 2014"]
[Site "Abu Dhabi UAE"]
[Date "2014.08.25"]
[Round "6.31"]
[White "Janahi, Zeyaad"]
[Black "Asgarizadeh, Ahmad"]
[Result "0-1"]
[WhiteTitle "FM"]
[WhiteElo "2109"]
[BlackElo "2335"]
[WhiteFideId "11200073"]
[BlackFideId "12505684"]
[EventDate "2014.08.20"]

1. e4 e5 2. Nf3 Nc6 3. Nc3 Nf6 4. d4 exd4 5. Nxd4 Bb4 6. Nxc6 bxc6 7. Bd3 O-O 8.
O-O Re8 9. Qf3 h6 10. a3 Bc5 11. h3 d5 12. exd5 cxd5 13. Bf4 c6 14. g4 Be6 15.
g5 hxg5 16. Bxg5 Bd4 17. Rab1 Rb8 18. Bf4 Rb7 19. Nd1 Ne4 20. c3 Bc5 21. Bxe4
dxe4 22. Qg3 Bc4 23. Re1 Re6 24. Kh1 Rg6 25. Qh2 Be2 26. Bg3 Bf3+ 27. Kg1 f5 0-1

[Event "21st Abu Dhabi Masters 2014"]
[Site "Abu Dhabi UAE"]
[Date "2014.08.25"]
[Round "6.32"]
[White "Primbetov, Kazbek"]
[Black "Hojjatova, Aydan"]
[Result "1-0"]
[BlackTitle "WCM"]
[WhiteElo "2256"]
[BlackElo "2014"]
[WhiteFideId "13702297"]
[BlackFideId "13401491"]
[EventDate "2014.08.20"]

1. d4 Nf6 2. Nc3 d6 3. e4 g6 4. Nf3 Bg7 5. Be2 O-O 6. O-O c6 7. a4 a5 8. h3 Na6
9. Bf4 Nb4 10. Re1 Qb6 11. Bf1 Rd8 12. Qc1 Nd7 13. Bg5 Re8 14. Nb1 e5 15. c3 Na6
16. Na3 Qc7 17. Nc4 Nf8 18. Be3 exd4 19. Bxd4 Nc5 20. Bxg7 Kxg7 21. Qd1 Rd8 22.
b4 axb4 23. cxb4 Nce6 24. a5 Rb8 25. Rc1 d5 26. exd5 Rxd5 27. Qb3 Qe7 28. Ne3
Rd8 29. Ng4 Nd7 30. Qc3+ Nf6 31. Bc4 h5 32. Nge5 Rd6 33. h4 Kg8 34. Ng5 Nxg5 35.
hxg5 Nd5 36. Bxd5 cxd5 37. Nxg6 1-0

[Event "21st Abu Dhabi Masters 2014"]
[Site "Abu Dhabi UAE"]
[Date "2014.08.25"]
[Round "6.33"]
[White "Kaboodi, Behrang"]
[Black "Calzetta Ruiz, Monica"]
[Result "1-0"]
[BlackTitle "WGM"]
[WhiteElo "2060"]
[BlackElo "2221"]
[WhiteFideId "12504955"]
[BlackFideId "2204185"]
[EventDate "2014.08.20"]

1. d4 Nf6 2. Bf4 g6 3. e3 Bg7 4. Nf3 O-O 5. Be2 d6 6. h3 Nbd7 7. O-O b6 8. c4
Bb7 9. Nc3 Ne4 10. Nxe4 Bxe4 11. Nd2 Bb7 12. Bf3 Qc8 13. Qa4 c5 14. Bxb7 Qxb7
15. Nf3 e5 16. dxe5 dxe5 17. Rad1 exf4 18. Rxd7 Qb8 19. e4 Bxb2 20. Rfd1 Qc8 21.
e5 Qe8 22. R1d5 Rd8 23. Qxa7 Rxd7 24. Rxd7 h6 25. Rb7 Bxe5 26. Re7 Bb8 27. Rxe8
Bxa7 28. Rxf8+ Kxf8 29. Ne5 Bb8 30. Nd7+ Ke7 31. Nxb8 Kd6 32. a3 Kc7 33. Na6+
Kb7 34. Nb4 cxb4 35. axb4 1-0

[Event "21st Abu Dhabi Masters 2014"]
[Site "Abu Dhabi UAE"]
[Date "2014.08.25"]
[Round "6.34"]
[White "Ayyad, Husain"]
[Black "Fenil, Shah"]
[Result "1-0"]
[WhiteTitle "FM"]
[WhiteElo "2146"]
[BlackElo "2286"]
[WhiteFideId "11200243"]
[BlackFideId "5019850"]
[EventDate "2014.08.20"]

1. e4 c5 2. Nf3 e6 3. d4 cxd4 4. Nxd4 Nc6 5. Nxc6 bxc6 6. Bd3 Nf6 7. O-O d5 8.
Qe2 Be7 9. Nd2 a5 10. c4 Bb7 11. Rd1 O-O 12. Nf3 dxe4 13. Bxe4 Qc7 14. Bc2 c5
15. Ne5 Rad8 16. Bd2 Rd4 17. Bc3 Rxd1+ 18. Rxd1 Rd8 19. Re1 Bf8 20. Qe3 h6 21.
Qe2 Ba6 22. Ng4 Nxg4 23. Qxg4 Re8 24. Re3 f5 25. Qg6 Qf7 26. Qxf7+ Kxf7 27. Bxa5
Bd6 28. Ra3 Be5 29. Bc3 1-0

[Event "21st Abu Dhabi Masters 2014"]
[Site "Abu Dhabi UAE"]
[Date "2014.08.25"]
[Round "6.35"]
[White "Faraj, Yahya"]
[Black "Fouad, Mofleh"]
[Result "1-0"]
[WhiteTitle "FM"]
[BlackTitle "FM"]
[WhiteElo "2247"]
[BlackElo "2128"]
[WhiteFideId "9400184"]
[BlackFideId "9400532"]
[EventDate "2014.08.20"]

1. Nf3 Nf6 2. c4 c6 3. d4 d5 4. e3 a6 5. Nc3 Bg4 6. Qb3 Ra7 7. Ne5 Bf5 8. a4 e6
9. Bd2 Nfd7 10. Nxd7 Nxd7 11. cxd5 exd5 12. a5 Bd6 13. Ne2 O-O 14. Ng3 Be6 15.
Qc2 f5 16. Bd3 Qf6 17. O-O g5 18. Ra4 f4 19. exf4 gxf4 20. Bxh7+ Kh8 21. Nh5 Qg5
22. Qg6 Rg8 23. Qxg5 Rxg5 24. Nxf4 Bxf4 25. Bxf4 Rg4 26. Re1 Rxf4 27. Rxe6 b5
28. axb6 Nxb6 29. Rb4 1-0

[Event "21st Abu Dhabi Masters 2014"]
[Site "Abu Dhabi UAE"]
[Date "2014.08.25"]
[Round "6.36"]
[White "Sultan, Ibrahim"]
[Black "Hakimifard, Ghazal"]
[Result "0-1"]
[WhiteTitle "FM"]
[BlackTitle "WIM"]
[WhiteElo "2023"]
[BlackElo "2232"]
[WhiteFideId "9301143"]
[BlackFideId "12506540"]
[EventDate "2014.08.20"]

1. d4 Nf6 2. c4 e6 3. Nf3 b6 4. g3 Bb7 5. Bg2 Be7 6. O-O O-O 7. d5 exd5 8. Nh4
Ne4 9. cxd5 Bxh4 10. Bxe4 Bf6 11. Nc3 Na6 12. Qc2 g6 13. Bh6 Re8 14. Bg2 Bh8 15.
Qd2 d6 16. Rac1 Re7 17. a3 Nc5 18. Qc2 a5 19. b4 axb4 20. axb4 Nd7 21. Ra1 Ne5
22. Rxa8 Qxa8 23. Rd1 Qa6 24. h3 Qc4 25. Rb1 Nd7 26. Qb3 Qxc3 27. Qa4 Qe5 28.
Rc1 Nf6 0-1